Behind the beautiful forevers : [life, death, and hope in a Mumbai undercity] /

Annawadi is a settlement in the shadow of luxury hotels near the Mumbai airport, and as India starts to prosper, Annawadians are filled with hope. Abdul, a reflective and enterprising Muslim teenager, sees ₃a fortune beyond counting₄ in the recyclable garbage that richer people throw away. But then...

Full description

Bibliographic Details
Main Author: Boo, Katherine
Corporate Authors: Random House Audio Publishing, Books on Tape, Inc
Other Authors: Malhotra, Sunil
Format: CD Audio Book
Language:English
Published: [New York] : Random House Audio : Books on Tape, [2012]
Edition:Unabridged.
Subjects:

MARC

Tag First Indicator Second Indicator Subfields
LEADER 00000cim a2200000Ia 4500
001 in00002741413
005 20151202150925.0
007 sd fungnnmmneu
008 111107s2012 nyunnnn z n eng d
020 |a 9780307934055 
020 |a 0307934055 
020 |a 9780307934079 :  |c $35.00 
020 |a 0307934071 :  |c $35.00 
024 3 |a 9780307934055 
028 0 2 |a RHA3293  |b Books on Tape 
035 |a (OCoLC)ocn759868531 
037 |b Midwest Tape  |n http://www.midwesttapes.com 
040 |a TEFMT  |c TEFMT  |d TEFBT  |d TEF  |d TEFBT  |d UtOrBLW 
043 |a a-ii--- 
049 |a TXAM 
050 4 |a HV4140.B6  |b B66 2012b 
082 0 4 |a 305.5/690954792  |2 23 
100 1 |a Boo, Katherine. 
245 1 0 |a Behind the beautiful forevers :  |b [life, death, and hope in a Mumbai undercity] /  |c Katherine Boo. 
250 |a Unabridged. 
264 1 |a [New York] :  |b Random House Audio :  |b Books on Tape,  |c [2012] 
264 4 |c ℗2012 
300 |a 7 sound discs (approximately 71 min. each) :  |b digital ;  |c 4 3/4 in. 
336 |a spoken word  |b spw  |2 rdacontent 
337 |a audio  |b s  |2 rdamedia 
338 |a audio disc  |b sd  |2 rdacarrier 
500 |a Subtitle from container. 
511 0 |a Read by Sunil Malhotra. 
500 |a Compact discs. 
500 |a Includes an authors note--Cover. 
520 |a Annawadi is a settlement in the shadow of luxury hotels near the Mumbai airport, and as India starts to prosper, Annawadians are filled with hope. Abdul, a reflective and enterprising Muslim teenager, sees ₃a fortune beyond counting₄ in the recyclable garbage that richer people throw away. But then Abdul is falsely accused in a shocking tragedy; terror and a global recession rock the city; and suppressed tensions over religion, caste, sex, power and economic envy turn brutal. 
500 |a Sound recording. 
650 0 |a Urban poor  |z India  |z Bombay. 
655 7 |a Audiobooks.  |2 lcgft 
700 1 |a Malhotra, Sunil. 
710 2 |a Random House Audio Publishing. 
710 2 |a Books on Tape, Inc. 
948 |a cataloged  |b h  |c 2012/3/9  |d c  |e ceaton  |f 9:20:48 am 
994 |a C0  |b TXA 
999 |a MARS 
999 f f |s f44411e3-47ed-39b0-b40c-87540396eab5  |i ee70c392-8ef5-3555-a558-c7c4c1df3437  |t 0 
952 f f |p normal  |a Texas A&M University  |b College Station  |c Sterling C. Evans Library  |d Evans: Library Stacks  |t 0  |e HV4140.B6 B66 2012b  |h Library of Congress classification  |i audio -- audio disc  |m A14841348595 
998 f f |a HV4140.B6 B66 2012b  |t 0  |l Evans: Library Stacks